000 00882nam a22002297a 4500
001 44856
003 BD-RjUL
005 20211209053928.0
008 160720s2005 bg ||||| |||| 00| 0 ben d
020 _c: TK 220.00
035 _a(BD-RjUL)44974
040 _aBD-RjUL
_bben
_cBD-RjUL
041 _aben
082 _223
_a297.63
_bHAS 2005
100 _aহক, দেওয়ান নূরুল
_9126298
245 1 0 _aসীরাতে নবী পাক (স.)
_c দেওয়ান নূরুল হক
260 _aরাজশাহী :
_bইসলামিয়া লাইব্রেরী,
_c২০০৫
300 _a[২০], ৩৯৫ পৃ. ;
_c২৩ সেমি.
600 _aমুহাম্মাদ (স.) , হযরত,
_d৫৭০-৬৩২
_9136675
600 _aMohammad (sm), Hozorat,
_d570-632
_9137460
942 _2ddc
_cBK
999 _c44856
_d44856